BRPRA Publication. 165. Mastication of rubber. I. Mechanism of plasticizing by cold mastication (The British Rubber Producers' Research Association, Publication No.165) (Record no. 45558)

MARC details
000 -LEADER
fixed length control field 00490nam a2200145Ia 4500
100 ## - MAIN ENTRY--AUTHOR NAME
Personal name Pike M
245 #0 - TITLE STATEMENT
Title BRPRA Publication. 165. Mastication of rubber. I. Mechanism of plasticizing by cold mastication (The British Rubber Producers' Research Association, Publication No.165)
260 ## - PUBLICATION, DISTRIBUTION, ETC. (IMPRINT)
Name of publisher Journal of Polymer Science
300 ## - PHYSICAL DESCRIPTION
Number of Pages 229-251
650 ## - SUBJECT ADDED ENTRY--TOPICAL TERM
Topical Term Cold mastication
650 ## - SUBJECT ADDED ENTRY--TOPICAL TERM
Topical Term Mastication
700 ## - ADDED ENTRY--PERSONAL NAME
Personal name Watson W F
942 ## - ADDED ENTRY ELEMENTS (KOHA)
Koha item type Reprints
Holdings
Withdrawn status Lost status Damaged status Not for loan Home library Current library Shelving location Date acquired Serial Enumeration / chronology Accession Number Koha item type
      Reprints RRII Library RRII Library Rubber chemistry 22/12/2021 Volume IX, Issue 3 P01514 Reprints